Mappa del America del Nord - Statistics

Statistiche generali
  • Questo quiz è stato fatto 5.642 volte
  • Il punteggio medio è 13 su 23
Risposte nella Mappa
Le risposte nella mappa del quiz sottostante sono codificate secondo una scala di colori dal rosso al verde in base alla % di persone che hanno risposto correttamente.
 
Statistiche sulle risposte
Risposta % Corretto
Canada
97%
Messico
96%
Stati Uniti
96%
Panama
79%
Cuba
78%
Bahamas
67%
Haiti
66%
Repubblica Dominicana
66%
Belize
63%
Giamaica
63%
El Salvador
62%
Nicaragua
61%
Costa Rica
60%
Guatemala
58%
Honduras
55%
Trinidad e Tobago
53%
Saint Lucia
34%
Antigua e Barbuda
33%
Barbados
33%
Grenada
33%
Saint Vincent e Grenadine
33%
Saint Kitts e Nevis
32%
Dominica
31%
Nessun quiz corrispondente trovato
Distribuzione punteggi
Percentuale di utenti per punteggio
Percentile per numero di risposta
I tuoi punteggi nel tempo
Non hai fatto questo quiz